|
|
|
|
| LEADER |
00000naa2a2200000 4500 |
| 001 |
617360 |
| 005 |
20231101132945.0 |
| 035 |
|
|
|a (RuTPU)RU\TPU\conf\15673
|
| 035 |
|
|
|a RU\TPU\conf\15672
|
| 090 |
|
|
|a 617360
|
| 100 |
|
|
|a 20160302d2015 k y0rusy50 ca
|
| 101 |
0 |
|
|a rus
|
| 102 |
|
|
|a RU
|
| 105 |
|
|
|a y z 101zy
|
| 135 |
|
|
|a drcn ---uucaa
|
| 181 |
|
0 |
|a i
|
| 182 |
|
0 |
|a b
|
| 200 |
1 |
|
|a Ртуть в углях Кузбасса
|f Е. В. Белая
|g науч. рук. С. И. Арбузов
|
| 203 |
|
|
|a Текст
|c электронный
|
| 225 |
1 |
|
|a Экогеохимия органического топлива и экологические проблемы территорий
|
| 230 |
|
|
|a 1 компьютерный файл (pdf; 506 Кб)
|
| 300 |
|
|
|a Заглавие с титульного экрана
|
| 320 |
|
|
|a [Библиогр.: с. 356 (4 назв.)]
|
| 463 |
|
0 |
|0 (RuTPU)RU\TPU\conf\15338
|t Творчество юных - шаг в успешное будущее
|o материалы VIII Всероссийской научной студенческой конференции с элементами научной школы имени профессора М. К. Коровина, г. Томск, 23-27 ноября 2015 г.
|f Национальный исследовательский Томский политехнический университет (ТПУ) ; под ред. А. Ю. Дмитриева
|v [С. 354-356]
|d 2015
|
| 610 |
1 |
|
|a труды учёных ТПУ
|
| 610 |
1 |
|
|a электронный ресурс
|
| 610 |
1 |
|
|a ртуть
|
| 610 |
1 |
|
|a Кузбасс
|
| 610 |
1 |
|
|a Кузнецкий бассейн
|
| 610 |
1 |
|
|a коксохимическая промышленность
|
| 610 |
1 |
|
|a топливно-энергетические ресурсы
|
| 700 |
|
1 |
|a Белая
|b Е. В.
|c геолог
|c инженер Томского политехнического университета
|f 1988-
|g Евгения Владимировна
|2 stltpush
|3 (RuTPU)RU\TPU\pers\35383
|
| 702 |
|
1 |
|a Арбузов
|b С. И.
|c российский геолог и геохимик
|c профессор Томского политехнического университета, доктор геолого-минералогических наук
|f 1959-
|g Сергей Иванович
|2 stltpush
|4 727
|
| 712 |
0 |
2 |
|a Национальный исследовательский Томский политехнический университет (ТПУ)
|b Институт природных ресурсов (ИПР)
|b Кафедра геоэкологии и геохимии (ГЭГХ)
|h 259
|2 stltpush
|3 (RuTPU)RU\TPU\col\18658
|
| 801 |
|
2 |
|a RU
|b 63413507
|c 20180216
|g RCR
|
| 856 |
4 |
|
|u http://earchive.tpu.ru/handle/11683/15615
|
| 942 |
|
|
|c BK
|